Qué es la ortografía? : una experiencia de aprendizaje /

Guardado en:
Autor Principal: Salgado, Hugo
Formato: Libro
Publicado: Buenos Aires : Aique, 1992
Materias:
Etiquetas: Agregar Etiqueta
Sin Etiquetas, Sea el primero en etiquetar este registro!
LEADER 00586nam a22001935a 4500
001 CEM.cems010856
005 20070305174254.0
008 130507s1992##################000#0#####d
003 CEMS
082 0 4 |a 372.4 
100 1 |a Salgado, Hugo 
245 1 0 |a Qué es la ortografía? :  |b una experiencia de aprendizaje /  |c Hugo Salgado 
260 |a Buenos Aires :  |b Aique,  |c 1992 
300 |a 71 p. 
653 |a Biblioteca maría de los angeles saggio 
653 |a Educación 
653 |a Ortografía 
653 |a Ortografía-enseñanza 
859 |a CEMS  |b BIB. CEMS - 11 de abril  |h 372.4  |i Sa32  |p 21562.01  |t Ej.1